000 00439nam a2200169 a 4500
001 0000-9153
003 ELIB.Books
008 110520 1980
035 _a(ELIB.Books)0000-9305
082 _a269.2
_bWag
100 _aWagner, C. Peter
245 _aUnreached Peoples' 80
260 _bU.S.A; David C. Cook Publishing Co.
_c1980
650 _aChristian Education
942 _2ddc
_cBK
998 _cbat
_e2011-05-20
999 _c9153
_d9153